Rámec pre riadenie rizika
Efektívne fungovanie procesu manažmentu rizika predstavuje súbor komponentov, ktoré poskytujú základy a organizačné usporiadanie pre navrhovanie, vykonávanie, monitoring , preskúmanie a zlepšovanie riadenia rizík v celom podniku.
Gespeichert in:
| 1. Verfasser: | |
|---|---|
| Format: | Buchkapitel |
| Sprache: | Slowakisch |
| Schlagworte: | |
| Tags: |
Keine Tags, Fügen Sie das erste Tag hinzu!
|
MARC
| LEADER | 00000nla a2200000 4500 | ||
|---|---|---|---|
| 001 | 0180799 | ||
| 005 | 20240502073106.5 | ||
| 041 | 0 | |a slo | |
| 044 | |a SK | ||
| 245 | 1 | 0 | |a Rámec pre riadenie rizika |c Daniela Rybárová |
| 520 | |a Efektívne fungovanie procesu manažmentu rizika predstavuje súbor komponentov, ktoré poskytujú základy a organizačné usporiadanie pre navrhovanie, vykonávanie, monitoring , preskúmanie a zlepšovanie riadenia rizík v celom podniku. | ||
| 610 | 2 | 0 | |a manažment |
| 610 | 2 | 0 | |a risk management |
| 610 | 2 | 0 | |a riadenie rizík |
| 610 | 2 | 0 | |a riadenie podnikové |
| 610 | 2 | 0 | |a riadenie podľa cieľov |
| 610 | 2 | 0 | |a procesy podnikové |
| 100 | 1 | |a Rybárová, Daniela, 1967- | |